[Event "English Open Championship 2024"]
[Site "Holiday Inn, 212 Abbey End, Kenilworth CV8 1ED, United Kingdom"]
[Date "2024.06.23"]
[Round "7.10"]
[White "Hobson, Kenneth"]
[Black "Khoury, Theo"]
[Result "1-0"]
[TimeControl "G90 + 30secs/move"]
[WhiteFideId "480819"]
[BlackFideId "480703"]
[WhiteElo "2227"]
[BlackElo "2057"]

1. e4 {[%clk 01:28:39]} {[%emt 00:02:21]} c5 {[%clk 01:30:54]} {[%emt
00:00:06]} 2. Nf3 {[%clk 01:28:28]} {[%emt 00:00:41]} d6 {[%clk 01:31:19]}
{[%emt 00:00:05]} 3. Bb5+ {[%clk 01:28:38]} {[%emt 00:00:20]} Bd7 {[%clk
01:30:48]} {[%emt 00:01:02]} 4. Bxd7+ {[%clk 01:28:03]} {[%emt 00:01:05]} Nxd7
{[%clk 01:31:13]} {[%emt 00:00:04]} 5. O-O {[%clk 01:26:45]} {[%emt 00:01:47]}
Ngf6 {[%clk 01:31:39]} {[%emt 00:00:05]} 6. d3 {[%clk 01:25:21]} {[%emt
00:01:54]} e6 {[%clk 01:31:51]} {[%emt 00:00:17]} 7. Nc3 {[%clk 01:24:39]}
{[%emt 00:01:13]} Be7 {[%clk 01:32:15]} {[%emt 00:00:07]} 8. Ng5 {[%clk
01:24:17]} {[%emt 00:00:51]} h6 {[%clk 01:31:48]} {[%emt 00:00:57]} 9. Nh3
{[%clk 01:24:38]} {[%emt 00:00:09]} O-O {[%clk 01:32:00]} {[%emt 00:00:18]} 10.
f4 {[%clk 01:24:35]} {[%emt 00:00:33]} a6 {[%clk 01:31:06]} {[%emt 00:01:24]}
11. a4 {[%clk 01:23:01]} {[%emt 00:02:05]} Qc7 {[%clk 01:24:03]} {[%emt
00:07:32]} 12. Be3 {[%clk 01:19:39]} {[%emt 00:03:51]} Rfe8 {[%clk 01:18:58]}
{[%emt 00:05:36]} 13. Qf3 {[%clk 01:02:39]} {[%emt 00:17:30]} Qc6 {[%clk
01:16:04]} {[%emt 00:03:24]} 14. a5 {[%clk 00:59:51]} {[%emt 00:03:18]} b5
{[%clk 01:13:00]} {[%emt 00:03:35]} 15. axb6 {[%clk 01:00:01]} {[%emt
00:00:20]} Nxb6 {[%clk 01:13:01]} {[%emt 00:00:27]} 16. g4 {[%clk 00:52:07]}
{[%emt 00:08:24]} Nfd7 {[%clk 01:06:01]} {[%emt 00:07:31]} 17. Rae1 {[%clk
00:44:53]} {[%emt 00:07:44]} f5 {[%clk 01:01:12]} {[%emt 00:05:20]} 18. g5
{[%clk 00:39:16]} {[%emt 00:06:07]} hxg5 {[%clk 00:53:28]} {[%emt 00:08:14]} 19.
Nxg5 {[%clk 00:39:06]} {[%emt 00:00:39]} Bxg5 {[%clk 00:53:45]} {[%emt
00:00:13]} 20. fxg5 {[%clk 00:39:21]} {[%emt 00:00:15]} Ne5 {[%clk 00:53:32]}
{[%emt 00:00:43]} 21. Qh3 {[%clk 00:38:13]} {[%emt 00:01:38]} g6 {[%clk
00:53:14]} {[%emt 00:00:48]} 22. Rf4 {[%clk 00:29:58]} {[%emt 00:08:45]} Ng4
{[%clk 00:52:08]} {[%emt 00:01:36]} 23. Rxg4 {[%clk 00:25:39]} {[%emt
00:04:49]} fxg4 {[%clk 00:52:30]} {[%emt 00:00:08]} 24. Qh6 {[%clk 00:25:57]}
{[%emt 00:00:12]} Qd7 {[%clk 00:51:39]} {[%emt 00:01:21]} 25. Qxg6+ {[%clk
00:25:09]} {[%emt 00:01:18]} Qg7 {[%clk 00:52:00]} {[%emt 00:00:08]} 26. Qh5
{[%clk 00:22:20]} {[%emt 00:03:19]} Nd7 {[%clk 00:51:39]} {[%emt 00:00:52]} 27.
Bf4 {[%clk 00:20:54]} {[%emt 00:01:56]} Ne5 {[%clk 00:49:50]} {[%emt 00:02:19]}
28. Bxe5 {[%clk 00:21:04]} {[%emt 00:00:19]} Qxe5 {[%clk 00:50:14]} {[%emt
00:00:06]} 29. Rf1 {[%clk 00:19:10]} {[%emt 00:02:24]} Re7 {[%clk 00:45:01]}
{[%emt 00:05:43]} 30. Qxg4 {[%clk 00:16:42]} {[%emt 00:02:58]} Rf8 {[%clk
00:44:07]} {[%emt 00:01:24]} 31. Rxf8+ {[%clk 00:15:57]} {[%emt 00:01:15]} Kxf8
{[%clk 00:44:32]} {[%emt 00:00:06]} 32. g6 {[%clk 00:15:52]} {[%emt 00:00:34]}
Qf6 {[%clk 00:43:26]} {[%emt 00:01:37]} 33. h4 {[%clk 00:14:55]} {[%emt
00:01:27]} Kg7 {[%clk 00:41:26]} {[%emt 00:02:30]} 34. h5 {[%clk 00:15:20]}
{[%emt 00:00:04]} Re8 {[%clk 00:40:29]} {[%emt 00:01:28]} 35. Ne2 {[%clk
00:13:29]} {[%emt 00:02:21]} Rf8 {[%clk 00:40:25]} {[%emt 00:00:35]} 36. Ng3
{[%clk 00:13:16]} {[%emt 00:00:42]} Kh6 {[%clk 00:36:46]} {[%emt 00:04:08]} 37.
Kg2 {[%clk 00:12:00]} {[%emt 00:01:46]} Qe5 {[%clk 00:34:16]} {[%emt 00:03:00]}
38. g7 {[%clk 00:09:49]} {[%emt 00:02:42]} Qxg7 {[%clk 00:34:10]} {[%emt
00:00:36]} 39. Qxe6+ {[%clk 00:10:15]} {[%emt 00:00:03]} Rf6 {[%clk 00:33:52]}
{[%emt 00:00:49]} 40. Qc8 {[%clk 00:08:36]} {[%emt 00:02:09]} Kh7 {[%clk
00:30:50]} {[%emt 00:03:32]} 41. Qxa6 {[%clk 00:07:35]} {[%emt 00:01:31]} Qg4
{[%clk 00:30:43]} {[%emt 00:00:37]} 42. Qb7+ {[%clk 00:07:12]} {[%emt
00:00:53]} Kh6 {[%clk 00:29:46]} {[%emt 00:01:27]} 43. Qe7 {[%clk 00:06:25]}
{[%emt 00:01:17]} Qg5 {[%clk 00:22:24]} {[%emt 00:07:52]} 44. Kh3 {[%clk
00:06:09]} {[%emt 00:00:45]} Rf4 {[%clk 00:22:03]} {[%emt 00:00:52]} 45. Qxd6+
{[%clk 00:04:50]} {[%emt 00:01:50]} Kh7 {[%clk 00:22:28]} {[%emt 00:00:04]} 46.
Qg6+ {[%clk 00:04:16]} {[%emt 00:01:04]} Qxg6 {[%clk 00:22:52]} {[%emt
00:00:06]} 47. hxg6+ {[%clk 00:04:45]} {[%emt 00:00:01]} Kxg6 {[%clk 00:23:13]}
{[%emt 00:00:09]} 48. Kg2 {[%clk 00:05:06]} {[%emt 00:00:09]} Kf7 {[%clk
00:23:15]} {[%emt 00:00:28]} 49. Ne2 {[%clk 00:03:52]} {[%emt 00:01:43]} Rf6
{[%clk 00:23:29]} {[%emt 00:00:17]} 50. Ng1 {[%clk 00:03:06]} {[%emt 00:01:16]}
Ra6 {[%clk 00:23:40]} {[%emt 00:00:19]} 51. Nf3 {[%clk 00:02:52]} {[%emt
00:00:44]} Ke6 {[%clk 00:23:45]} {[%emt 00:00:25]} 52. Nd2 {[%clk 00:01:56]}
{[%emt 00:01:25]} Ke5 {[%clk 00:23:46]} {[%emt 00:00:30]} 53. Kf3 {[%clk
00:01:58]} {[%emt 00:00:28]} Rg6 {[%clk 00:23:41]} {[%emt 00:00:35]} 54. Nc4+
{[%clk 00:01:49]} {[%emt 00:00:39]} Kd4 {[%clk 00:23:03]} {[%emt 00:01:08]} 55.
c3+ {[%clk 00:02:02]} {[%emt 00:00:17]} 1-0

[Event "English Open Championship 2024"]
[Site "Holiday Inn, 212 Abbey End, Kenilworth CV8 1ED, United Kingdom"]
[Date "2024.06.23"]
[Round "7.11"]
[White "Savidge, Daniel"]
[Black "Boswell, Jacob Connor"]
[Result "1-0"]
[TimeControl "G90 + 30secs/move"]
[WhiteFideId "450332"]
[BlackFideId "427110"]
[WhiteElo "2085"]
[BlackElo "2274"]

1. e4 {[%clk 01:30:57]} {[%emt 00:00:02]} c5 {[%clk 01:20:23]} {[%emt
00:10:37]} 2. a3 {[%clk 01:30:39]} {[%emt 00:00:49]} g6 {[%clk 01:20:44]}
{[%emt 00:00:09]} 3. Nc3 {[%clk 01:30:34]} {[%emt 00:00:36]} Nc6 {[%clk
01:18:00]} {[%emt 00:03:14]} 4. h4 {[%clk 01:29:16]} {[%emt 00:01:47]} h5
{[%clk 01:13:11]} {[%emt 00:05:19]} 5. Bc4 {[%clk 01:29:34]} {[%emt 00:00:12]}
Bg7 {[%clk 01:12:51]} {[%emt 00:00:49]} 6. d3 {[%clk 01:29:49]} {[%emt
00:00:15]} Nf6 {[%clk 01:10:42]} {[%emt 00:02:39]} 7. Nh3 {[%clk 01:26:56]}
{[%emt 00:03:23]} d6 {[%clk 01:08:51]} {[%emt 00:02:21]} 8. Ba2 {[%clk
01:19:19]} {[%emt 00:08:08]} O-O {[%clk 01:00:03]} {[%emt 00:09:17]} 9. Bg5
{[%clk 01:18:28]} {[%emt 00:01:20]} Qb6 {[%clk 00:56:34]} {[%emt 00:03:59]} 10.
Rb1 {[%clk 01:11:00]} {[%emt 00:07:57]} Qa5 {[%clk 00:41:56]} {[%emt 00:15:10]}
11. Nf4 {[%clk 01:02:46]} {[%emt 00:08:44]} Ne5 {[%clk 00:38:09]} {[%emt
00:04:17]} 12. O-O {[%clk 00:58:45]} {[%emt 00:04:31]} e6 {[%clk 00:38:05]}
{[%emt 00:00:34]} 13. b4 {[%clk 00:50:03]} {[%emt 00:09:12]} cxb4 {[%clk
00:36:21]} {[%emt 00:02:15]} 14. axb4 {[%clk 00:49:28]} {[%emt 00:01:05]} Qc7
{[%clk 00:33:23]} {[%emt 00:03:27]} 15. Nce2 {[%clk 00:42:04]} {[%emt
00:07:54]} Nh7 {[%clk 00:29:27]} {[%emt 00:04:26]} 16. Ng3 {[%clk 00:39:50]}
{[%emt 00:02:44]} Nxg5 {[%clk 00:24:08]} {[%emt 00:05:48]} 17. hxg5 {[%clk
00:40:18]} {[%emt 00:00:02]} Qe7 {[%clk 00:23:05]} {[%emt 00:01:34]} 18. Nfxh5
{[%clk 00:39:48]} {[%emt 00:01:00]} Qxg5 {[%clk 00:14:51]} {[%emt 00:08:43]} 19.
f4 {[%clk 00:38:52]} {[%emt 00:01:27]} Qh4 {[%clk 00:15:04]} {[%emt 00:00:16]}
20. fxe5 {[%clk 00:32:31]} {[%emt 00:06:52]} gxh5 {[%clk 00:14:01]} {[%emt
00:01:33]} 21. Nxh5 {[%clk 00:27:59]} {[%emt 00:05:03]} Bxe5 {[%clk 00:14:12]}
{[%emt 00:00:19]} 22. g3 {[%clk 00:28:14]} {[%emt 00:00:14]} Qg5 {[%clk
00:09:33]} {[%emt 00:05:09]} 23. Kg2 {[%clk 00:27:51]} {[%emt 00:00:52]} Bd7
{[%clk 00:08:25]} {[%emt 00:01:39]} 24. d4 {[%clk 00:28:00]} {[%emt 00:00:20]}
Bg7 {[%clk 00:06:37]} {[%emt 00:02:19]} 25. c3 {[%clk 00:25:01]} {[%emt
00:03:29]} Rac8 {[%clk 00:05:54]} {[%emt 00:01:13]} 26. Qf3 {[%clk 00:24:12]}
{[%emt 00:01:18]} Bc6 {[%clk 00:04:07]} {[%emt 00:02:18]} 27. Rbe1 {[%clk
00:24:20]} {[%emt 00:00:22]} d5 {[%clk 00:03:42]} {[%emt 00:00:55]} 28. e5
{[%clk 00:24:32]} {[%emt 00:00:18]} Bb5 {[%clk 00:02:12]} {[%emt 00:02:00]} 29.
Rf2 {[%clk 00:24:53]} {[%emt 00:00:08]} Qf5 {[%clk 00:01:42]} {[%emt 00:01:00]}
30. Nf4 {[%clk 00:24:46]} {[%emt 00:00:38]} Qg5 {[%clk 00:01:16]} {[%emt
00:00:55]} 31. Rh1 {[%clk 00:24:39]} {[%emt 00:00:37]} Rc7 {[%clk 00:01:25]}
{[%emt 00:00:22]} 32. Rh5 {[%clk 00:24:50]} {[%emt 00:00:18]} Qe7 {[%clk
00:01:43]} {[%emt 00:00:11]} 33. Bb1 {[%clk 00:24:54]} {[%emt 00:00:28]} Rfc8
{[%clk 00:02:12]} {[%emt 00:00:01]} 34. Qg4 {[%clk 00:14:25]} {[%emt 00:10:59]}
a5 {[%clk 00:01:02]} {[%emt 00:01:41]} 35. Bh7+ {[%clk 00:05:36]} {[%emt
00:09:18]} Kh8 {[%clk 00:01:26]} {[%emt 00:00:06]} 36. Qh3 {[%clk 00:05:51]}
{[%emt 00:00:14]} Qd7 {[%clk 00:01:05]} {[%emt 00:00:52]} 37. Bb1+ {[%clk
00:05:53]} {[%emt 00:00:27]} Kg8 {[%clk 00:01:30]} {[%emt 00:00:04]} 38. Rh8+
{[%clk 00:06:08]} {[%emt 00:00:15]} Bxh8 {[%clk 00:01:59]} {[%emt 00:00:02]} 39.
Qh7+ {[%clk 00:06:30]} {[%emt 00:00:07]} Kf8 {[%clk 00:02:21]} {[%emt
00:00:09]} 40. Ng6+ {[%clk 00:06:52]} {[%emt 00:00:08]} 1-0

[Event "English Open Championship 2024"]
[Site "Holiday Inn, 212 Abbey End, Kenilworth CV8 1ED, United Kingdom"]
[Date "2024.06.23"]
[Round "7.12"]
[White "Badacsonyi, Frankie"]
[Black "Graham, David B"]
[Result "1-0"]
[TimeControl "G90 + 30secs/move"]
[WhiteFideId "460400"]
[BlackFideId "408131"]
[WhiteElo "2204"]
[BlackElo "2149"]

1. d4 {[%clk 01:30:57]} {[%emt 00:00:01]} d5 {[%clk 01:30:56]} {[%emt
00:00:05]} 2. c4 {[%clk 01:31:20]} {[%emt 00:00:07]} c6 {[%clk 01:31:20]}
{[%emt 00:00:06]} 3. cxd5 {[%clk 01:30:50]} {[%emt 00:01:00]} cxd5 {[%clk
01:31:45]} {[%emt 00:00:05]} 4. Bf4 {[%clk 01:31:17]} {[%emt 00:00:03]} Nf6
{[%clk 01:30:21]} {[%emt 00:01:54]} 5. e3 {[%clk 01:30:52]} {[%emt 00:00:55]}
Nc6 {[%clk 01:28:25]} {[%emt 00:02:26]} 6. Nc3 {[%clk 01:30:14]} {[%emt
00:01:08]} a6 {[%clk 01:28:47]} {[%emt 00:00:08]} 7. Be2 {[%clk 01:29:09]}
{[%emt 00:01:34]} e6 {[%clk 01:29:06]} {[%emt 00:00:12]} 8. Nf3 {[%clk
01:28:27]} {[%emt 00:01:12]} Bd6 {[%clk 01:29:22]} {[%emt 00:00:14]} 9. Bxd6
{[%clk 01:27:19]} {[%emt 00:01:38]} Qxd6 {[%clk 01:29:47]} {[%emt 00:00:05]} 10.
O-O {[%clk 01:27:45]} {[%emt 00:00:03]} O-O {[%clk 01:30:02]} {[%emt 00:00:16]}
11. Rc1 {[%clk 01:27:31]} {[%emt 00:00:44]} b5 {[%clk 01:23:59]} {[%emt
00:06:33]} 12. Ne1 {[%clk 01:24:52]} {[%emt 00:03:08]} e5 {[%clk 01:16:53]}
{[%emt 00:07:37]} 13. dxe5 {[%clk 01:24:28]} {[%emt 00:00:53]} Nxe5 {[%clk
01:17:11]} {[%emt 00:00:13]} 14. Nf3 {[%clk 01:22:45]} {[%emt 00:02:12]} Rd8
{[%clk 01:10:18]} {[%emt 00:07:24]} 15. h3 {[%clk 01:19:55]} {[%emt 00:03:19]}
Be6 {[%clk 01:05:11]} {[%emt 00:05:37]} 16. Nd4 {[%clk 01:07:04]} {[%emt
00:13:21]} Rac8 {[%clk 01:03:04]} {[%emt 00:02:37]} 17. b3 {[%clk 01:00:24]}
{[%emt 00:07:10]} Ne4 {[%clk 00:55:48]} {[%emt 00:07:47]} 18. Nxe4 {[%clk
00:59:19]} {[%emt 00:01:35]} dxe4 {[%clk 00:56:14]} {[%emt 00:00:04]} 19. Rxc8
{[%clk 00:58:58]} {[%emt 00:00:51]} Rxc8 {[%clk 00:54:31]} {[%emt 00:02:12]} 20.
Qb1 {[%clk 00:58:30]} {[%emt 00:00:58]} Nc6 {[%clk 00:40:22]} {[%emt 00:14:40]}
21. Qxe4 {[%clk 00:53:31]} {[%emt 00:05:28]} Nxd4 {[%clk 00:40:43]} {[%emt
00:00:09]} 22. exd4 {[%clk 00:53:53]} {[%emt 00:00:08]} g6 {[%clk 00:39:54]}
{[%emt 00:01:20]} 23. a4 {[%clk 00:32:09]} {[%emt 00:22:14]} Bd5 {[%clk
00:28:32]} {[%emt 00:11:51]} 24. Qd3 {[%clk 00:23:25]} {[%emt 00:09:14]} bxa4
{[%clk 00:18:29]} {[%emt 00:10:34]} 25. bxa4 {[%clk 00:23:42]} {[%emt
00:00:10]} Rc4 {[%clk 00:17:25]} {[%emt 00:01:36]} 26. Qe3 {[%clk 00:20:35]}
{[%emt 00:03:37]} Rb4 {[%clk 00:14:46]} {[%emt 00:03:09]} 27. Rc1 {[%clk
00:19:36]} {[%emt 00:01:29]} Be6 {[%clk 00:13:58]} {[%emt 00:01:18]} 28. a5
{[%clk 00:13:51]} {[%emt 00:06:15]} Ra4 {[%clk 00:10:54]} {[%emt 00:03:34]} 29.
Qc3 {[%clk 00:13:12]} {[%emt 00:01:09]} Rxd4 {[%clk 00:10:02]} {[%emt
00:01:23]} 30. Bxa6 {[%clk 00:12:53]} {[%emt 00:00:48]} Rd1+ {[%clk 00:10:22]}
{[%emt 00:00:09]} 31. Rxd1 {[%clk 00:12:45]} {[%emt 00:00:39]} Qxd1+ {[%clk
00:10:48]} {[%emt 00:00:03]} 32. Bf1 {[%clk 00:13:04]} {[%emt 00:00:12]} Bd7
{[%clk 00:06:17]} {[%emt 00:05:01]} 33. Qd3 {[%clk 00:12:54]} {[%emt 00:00:40]}
Qa4 {[%clk 00:06:42]} {[%emt 00:00:05]} 34. a6 {[%clk 00:13:19]} {[%emt
00:00:05]} Bc6 {[%clk 00:05:44]} {[%emt 00:01:28]} 35. Qc4 {[%clk 00:13:27]}
{[%emt 00:00:22]} Qxc4 {[%clk 00:05:48]} {[%emt 00:00:27]} 36. Bxc4 {[%clk
00:13:55]} {[%emt 00:00:01]} Kf8 {[%clk 00:06:10]} {[%emt 00:00:08]} 37. Be2
{[%clk 00:14:11]} {[%emt 00:00:14]} Ke7 {[%clk 00:06:32]} {[%emt 00:00:08]} 38.
Bf3 {[%clk 00:14:33]} {[%emt 00:00:07]} Kd6 {[%clk 00:06:50]} {[%emt 00:00:13]}
39. a7 {[%clk 00:14:58]} {[%emt 00:00:05]} 1-0

[Event "English Open Championship 2024"]
[Site "Holiday Inn, 212 Abbey End, Kenilworth CV8 1ED, United Kingdom"]
[Date "2024.06.23"]
[Round "7.13"]
[White "Stoica, Savas Marin"]
[Black "Pal, Rohan"]
[Result "1/2-1/2"]
[TimeControl "G90 + 30secs/move"]
[WhiteFideId "464309"]
[BlackFideId "462489"]
[WhiteElo "2115"]
[BlackElo "2097"]

1. d4 {[%clk 01:30:07]} {[%emt 00:00:52]} d5 {[%clk 01:30:58]} {[%emt
00:00:04]} 2. c4 {[%clk 01:30:32]} {[%emt 00:00:05]} e6 {[%clk 01:31:26]}
{[%emt 00:00:02]} 3. Nf3 {[%clk 01:30:57]} {[%emt 00:00:04]} Nf6 {[%clk
01:31:54]} {[%emt 00:00:04]} 4. g3 {[%clk 01:31:22]} {[%emt 00:00:03]} Be7
{[%clk 01:32:22]} {[%emt 00:00:03]} 5. Bg2 {[%clk 01:31:47]} {[%emt 00:00:04]}
O-O {[%clk 01:32:48]} {[%emt 00:00:05]} 6. O-O {[%clk 01:32:12]} {[%emt
00:00:04]} c6 {[%clk 01:33:16]} {[%emt 00:00:03]} 7. Nc3 {[%clk 01:32:39]}
{[%emt 00:00:03]} Nbd7 {[%clk 01:33:39]} {[%emt 00:00:08]} 8. Nd2 {[%clk
01:33:04]} {[%emt 00:00:04]} b5 {[%clk 01:34:01]} {[%emt 00:00:08]} 9. cxb5
{[%clk 01:33:25]} {[%emt 00:00:09]} cxb5 {[%clk 01:34:27]} {[%emt 00:00:04]} 10.
Nxb5 {[%clk 01:33:48]} {[%emt 00:00:07]} Qb6 {[%clk 01:34:54]} {[%emt
00:00:03]} 11. Nc3 {[%clk 01:33:56]} {[%emt 00:00:22]} Qxd4 {[%clk 01:34:34]}
{[%emt 00:00:50]} 12. e4 {[%clk 01:34:22]} {[%emt 00:00:03]} Ba6 {[%clk
01:21:57]} {[%emt 00:13:08]} 13. Nb3 {[%clk 01:34:21]} {[%emt 00:00:31]} Qxd1
{[%clk 01:19:29]} {[%emt 00:02:58]} 14. Rxd1 {[%clk 01:34:44]} {[%emt
00:00:06]} dxe4 {[%clk 01:17:49]} {[%emt 00:02:10]} 15. Nxe4 {[%clk 01:33:34]}
{[%emt 00:01:41]} Rac8 {[%clk 01:15:42]} {[%emt 00:02:37]} 16. Be3 {[%clk
01:03:44]} {[%emt 00:30:18]} Rc7 {[%clk 01:09:44]} {[%emt 00:06:28]} 17. Rac1
{[%clk 00:55:32]} {[%emt 00:08:41]} Rfc8 {[%clk 01:07:57]} {[%emt 00:02:18]} 18.
Rxc7 {[%clk 00:55:52]} {[%emt 00:00:10]} Rxc7 {[%clk 01:08:23]} {[%emt
00:00:04]} 19. Na5 {[%clk 00:55:05]} {[%emt 00:01:17]} Nd5 {[%clk 00:59:01]}
{[%emt 00:09:53]} 20. Rc1 {[%clk 00:51:57]} {[%emt 00:03:38]} Rxc1+ {[%clk
00:58:10]} {[%emt 00:01:20]} 21. Bxc1 {[%clk 00:50:45]} {[%emt 00:01:42]} Ne5
{[%clk 00:47:27]} {[%emt 00:11:14]} 22. Bd2 {[%clk 00:34:09]} {[%emt 00:17:05]}
Be2 {[%clk 00:37:14]} {[%emt 00:10:43]} 1/2-1/2

[Event "English Open Championship 2024"]
[Site "Holiday Inn, 212 Abbey End, Kenilworth CV8 1ED, United Kingdom"]
[Date "2024.06.23"]
[Round "7.14"]
[White "Banerjee, Supratit"]
[Black "Carroll, Thomas"]
[Result "1-0"]
[TimeControl "G90 + 30secs/move"]
[WhiteFideId "2410079"]
[BlackFideId "450111"]
[WhiteElo "2115"]
[BlackElo "2107"]

1. e4 {[%clk 01:30:44]} {[%emt 00:00:15]} c5 {[%clk 01:30:56]} {[%emt
00:00:05]} 2. c3 {[%clk 01:30:50]} {[%emt 00:00:24]} d5 {[%clk 01:31:19]}
{[%emt 00:00:06]} 3. exd5 {[%clk 01:30:56]} {[%emt 00:00:24]} Qxd5 {[%clk
01:31:35]} {[%emt 00:00:14]} 4. d4 {[%clk 01:31:07]} {[%emt 00:00:20]} Nf6
{[%clk 01:31:48]} {[%emt 00:00:16]} 5. Nf3 {[%clk 01:31:27]} {[%emt 00:00:10]}
e6 {[%clk 01:31:54]} {[%emt 00:00:24]} 6. Na3 {[%clk 01:31:10]} {[%emt
00:00:48]} Nc6 {[%clk 01:31:26]} {[%emt 00:00:57]} 7. Nb5 {[%clk 01:30:58]}
{[%emt 00:00:41]} Qd8 {[%clk 01:31:12]} {[%emt 00:00:45]} 8. dxc5 {[%clk
01:25:46]} {[%emt 00:05:43]} Bxc5 {[%clk 01:31:35]} {[%emt 00:00:06]} 9. Qxd8+
{[%clk 01:23:53]} {[%emt 00:02:23]} Kxd8 {[%clk 01:31:54]} {[%emt 00:00:11]} 10.
b4 {[%clk 01:20:59]} {[%emt 00:03:25]} Bb6 {[%clk 01:31:56]} {[%emt 00:00:28]}
11. Nd6 {[%clk 01:07:31]} {[%emt 00:13:58]} Ke7 {[%clk 01:29:17]} {[%emt
00:03:08]} 12. Nc4 {[%clk 01:06:22]} {[%emt 00:01:40]} Ne4 {[%clk 01:22:30]}
{[%emt 00:07:17]} 13. Nxb6 {[%clk 01:02:29]} {[%emt 00:04:23]} axb6 {[%clk
01:22:49]} {[%emt 00:00:10]} 14. Bb2 {[%clk 01:02:48]} {[%emt 00:00:11]} Bd7
{[%clk 01:19:47]} {[%emt 00:03:32]} 15. Bd3 {[%clk 00:59:42]} {[%emt 00:03:36]}
Nd6 {[%clk 01:18:41]} {[%emt 00:01:37]} 16. a4 {[%clk 00:55:22]} {[%emt
00:04:49]} Ra7 {[%clk 01:06:11]} {[%emt 00:13:00]} 17. b5 {[%clk 00:55:13]}
{[%emt 00:00:39]} Na5 {[%clk 01:05:12]} {[%emt 00:01:29]} 18. Nd2 {[%clk
00:53:38]} {[%emt 00:02:05]} Rc8 {[%clk 00:59:59]} {[%emt 00:05:42]} 19. Ba3
{[%clk 00:53:34]} {[%emt 00:00:35]} f5 {[%clk 00:59:15]} {[%emt 00:01:14]} 20.
Bb4 {[%clk 00:47:06]} {[%emt 00:06:59]} e5 {[%clk 00:58:07]} {[%emt 00:01:38]}
21. O-O {[%clk 00:46:53]} {[%emt 00:00:42]} Ke6 {[%clk 00:55:38]} {[%emt
00:02:59]} 22. Rfd1 {[%clk 00:46:00]} {[%emt 00:01:23]} Raa8 {[%clk 00:51:12]}
{[%emt 00:04:57]} 23. Bb1 {[%clk 00:36:50]} {[%emt 00:09:40]} Rd8 {[%clk
00:46:12]} {[%emt 00:05:29]} 24. Ba2+ {[%clk 00:35:24]} {[%emt 00:01:56]} Ke7
{[%clk 00:44:54]} {[%emt 00:01:48]} 25. Nf3 {[%clk 00:32:38]} {[%emt 00:03:16]}
Be6 {[%clk 00:43:52]} {[%emt 00:01:32]} 26. Nxe5 {[%clk 00:30:00]} {[%emt
00:03:07]} Nb3 {[%clk 00:40:27]} {[%emt 00:03:56]} 27. Bxb3 {[%clk 00:29:43]}
{[%emt 00:00:47]} Bxb3 {[%clk 00:40:51]} {[%emt 00:00:06]} 28. Rxd6 {[%clk
00:29:17]} {[%emt 00:00:56]} Rxd6 {[%clk 00:40:43]} {[%emt 00:00:38]} 29. Re1
{[%clk 00:29:41]} {[%emt 00:00:06]} Re8 {[%clk 00:33:09]} {[%emt 00:08:04]} 30.
Bxd6+ {[%clk 00:28:49]} {[%emt 00:01:21]} Kxd6 {[%clk 00:33:23]} {[%emt
00:00:17]} 31. Nc4+ {[%clk 00:29:15]} {[%emt 00:00:04]} Kd7 {[%clk 00:32:53]}
{[%emt 00:01:00]} 32. Nxb6+ {[%clk 00:29:38]} {[%emt 00:00:07]} Kd8 {[%clk
00:33:12]} {[%emt 00:00:11]} 33. Rxe8+ {[%clk 00:30:03]} {[%emt 00:00:05]} Kxe8
{[%clk 00:33:36]} {[%emt 00:00:05]} 34. a5 {[%clk 00:30:27]} {[%emt 00:00:07]}
1-0